[Event "Lloyds Bank Masters 10th"]
[Site "London"]
[Date "1986.08.26"]
[Round "7"]
[White "Anand, Viswanathan"]
[Black "McDonald, Neil R"]
[Result "1-0"]
[WhiteElo "2420"]
[BlackElo "2495"]
[PlyCount "89"]
[EventDate "1986.08.20"]
[EventType "swiss"]
[EventRounds "9"]
[EventCountry "ENG"]
[SourceTitle "BritBase"]
[Source "John Saunders"]
[SourceDate "2020.09.07"]
[SourceVersion "1"]
[SourceVersionDate "2020.09.07"]
[SourceQuality "2"]

1. e4 e6 2. d4 d5 3. Nc3 Bb4 4. e5 c5 5. a3 Bxc3+ 6. bxc3 Ne7 7. Qg4 Qc7 8.
Qxg7 Rg8 9. Qxh7 cxd4 10. Ne2 Nbc6 11. f4 dxc3 12. Qd3 Bd7 13. Rb1 O-O-O 14.
Nxc3 Nf5 15. g3 Kb8 16. Nb5 Qa5+ 17. Qd2 Rh8 18. Bg2 Qa6 19. Qd3 Na5 20. Nd6
Qxd3 21. cxd3 Nxd6 22. exd6 b6 23. O-O Nb7 24. f5 Nc5 25. Bg5 Rdg8 26. Bf6 Rh6
27. fxe6 fxe6 28. d4 Ne4 29. Bxe4 dxe4 30. Be5 Rh7 31. Rbc1 Rc8 32. Rc7 Rxc7
33. dxc7+ Kb7 34. h4 b5 35. Kh2 Rh5 36. Rf4 Rf5 37. Rxe4 Rf3 38. h5 Bc6 39. Re1
Rf2+ 40. Kh3 Bg2+ 41. Kh4 Bf1 42. g4 Be2 43. Bg3 Rg2 44. Rxe2 Rxe2 45. h6 1-0

[Event "Lloyds Bank Masters 10th"]
[Site "London"]
[Date "1986.08.26"]
[Round "7"]
[White "Barua, Dibyendu"]
[Black "Formanek, Edward W"]
[Result "1-0"]
[WhiteElo "2400"]
[BlackElo "2330"]
[PlyCount "79"]
[EventDate "1986.08.20"]
[EventType "swiss"]
[EventRounds "9"]
[EventCountry "ENG"]
[SourceTitle "BritBase"]
[Source "John Saunders"]
[SourceDate "2020.09.07"]
[SourceVersion "1"]
[SourceVersionDate "2020.09.07"]
[SourceQuality "2"]

1. e4 e5 2. Nf3 Nc6 3. Bc4 Bc5 4. d3 Nf6 5. Bg5 h6 6. Bh4 d6 7. Nbd2 Na5 8. c3
Nxc4 9. Nxc4 Be6 10. Ne3 g5 11. Bg3 Nh5 12. d4 Bb6 13. dxe5 Nxg3 14. hxg3 Bxe3
15. fxe3 g4 16. Nh4 Qg5 17. O-O Qxe3+ 18. Kh2 Qxe4 19. exd6 O-O-O 20. Rf4 Qc6
21. Qg1 Rxd6 22. Qxa7 Qa6 23. Qe3 Qb6 24. Qe5 Rhd8 25. Rb4 Rd5 26. Qf4 Qd6 27.
Qf2 Kb8 28. a4 Rd2 29. Qe3 Rd3 30. Qf2 Rd2 31. Qe3 h5 32. a5 Rd3 33. Qe1 Qc5
34. a6 b6 35. a7+ Ka8 36. Re4 Rd2 37. Re5 Qc6 38. Rxh5 Rxb2 39. Qc1 Rbd2 40.
Qxd2 1-0

[Event "Lloyds Bank Masters 10th"]
[Site "London"]
[Date "1986.08.26"]
[Round "7"]
[White "Chandler, Murray G"]
[Black "Watson, William N"]
[Result "1-0"]
[WhiteElo "2565"]
[BlackElo "2495"]
[PlyCount "65"]
[EventDate "1986.08.20"]
[EventType "swiss"]
[EventRounds "9"]
[EventCountry "ENG"]
[SourceTitle "BritBase"]
[Source "John Saunders"]
[SourceDate "2020.09.07"]
[SourceVersion "1"]
[SourceVersionDate "2020.09.07"]
[SourceQuality "2"]

1. e4 c5 2. Nf3 d6 3. d4 cxd4 4. Nxd4 Nf6 5. Nc3 g6 6. Bc4 Bg7 7. Be3 O-O 8.
O-O Ng4 9. Bg5 Qc7 10. Bb3 d5 11. e5 Qxe5 12. Nf3 Qf5 13. Nxd5 Nc6 14. Bxe7 Re8
15. Bh4 Be6 16. Nc7 Bxb3 17. Nxe8 Rxe8 18. axb3 Bxb2 19. Ra4 b5 20. Ra2 Bg7 21.
c4 bxc4 22. bxc4 Qf4 23. Qc1 Qb8 24. Bg3 Qb3 25. Rd2 Na5 26. Rc2 h5 27. h3 Nh6
28. Qb1 Qa3 29. Ra2 Qc5 30. Qb5 Qxb5 31. cxb5 Bc3 32. Ra3 Bb4 33. Ra4 1-0

[Event "Lloyds Bank Masters 10th"]
[Site "London"]
[Date "1986.08.26"]
[Round "7"]
[White "Dunnington, Angus J"]
[Black "Conquest, Stuart"]
[Result "1/2-1/2"]
[WhiteElo "2280"]
[BlackElo "2430"]
[PlyCount "93"]
[EventDate "1986.08.20"]
[EventType "swiss"]
[EventRounds "9"]
[EventCountry "ENG"]
[SourceTitle "BritBase"]
[Source "John Saunders"]
[SourceDate "2020.09.07"]
[SourceVersion "1"]
[SourceVersionDate "2020.09.07"]
[SourceQuality "2"]

1. e4 c5 2. Nc3 Nc6 3. f4 g6 4. Nf3 Bg7 5. Bb5 Nd4 6. Bd3 d6 7. Nxd4 Bxd4 8.
Ne2 Bg7 9. Bc4 Nf6 10. d3 O-O 11. O-O d5 12. exd5 Nxd5 13. c3 e6 14. a4 b6 15.
Ng3 Bb7 16. Qe2 a6 17. Ne4 Qc7 18. Bd2 Rfe8 19. Qf2 f5 20. Ng3 Rad8 21. Rae1
Kh8 22. Ne2 Qc6 23. Bb3 Nf6 24. Nc1 b5 25. axb5 axb5 26. Bd1 c4 27. Bf3 Qa6 28.
Bxb7 Qxb7 29. Qf3 Qa6 30. Be3 cxd3 31. Rd1 b4 32. Bd4 Ne4 33. Rxd3 Bxd4+ 34.
cxd4 Rc8 35. Qe3 Red8 36. Ne2 Rc2 37. Ng3 Nf6 38. h3 Nd5 39. Qe5+ Kg8 40. Kh2
Rdc8 41. Rdf3 Kf7 42. R3f2 Rc1 43. Re1 Qc6 44. Nf1 Nf6 45. Nd2 Qd5 46. Nf3 Qxe5
47. Ng5+ 1/2-1/2

[Event "Lloyds Bank Masters 10th"]
[Site "London"]
[Date "1986.08.26"]
[Round "7"]
[White "Hebden, Mark L"]
[Black "Plaskett, H James"]
[Result "0-1"]
[WhiteElo "2440"]
[BlackElo "2450"]
[PlyCount "82"]
[EventDate "1986.08.20"]
[EventType "swiss"]
[EventRounds "9"]
[EventCountry "ENG"]
[SourceTitle "BritBase"]
[Source "John Saunders"]
[SourceDate "2020.09.07"]
[SourceVersion "1"]
[SourceVersionDate "2020.09.07"]
[SourceQuality "2"]

1. e4 d6 2. Nc3 g6 3. f4 Bg7 4. Nf3 Nf6 5. g3 O-O 6. d3 c5 7. Bg2 Nc6 8. O-O
Rb8 9. h3 b5 10. a3 a5 11. Be3 b4 12. axb4 axb4 13. Ne2 c4 14. dxc4 Bb7 15. Nd2
Nd7 16. Rb1 Qc7 17. b3 Ra8 18. g4 Ra2 19. Nc1 Ra5 20. Nd3 Rd8 21. Kh1 Nc5 22.
f5 Qc8 23. Nf4 e6 24. f6 Bf8 25. Qe1 Ne5 26. Ne2 Qa8 27. Ng3 Ra2 28. Rc1 d5 29.
exd5 Ncd7 30. Nge4 exd5 31. cxd5 Rc8 32. Qh4 Bxd5 33. Bh6 Rcxc2 34. Rxc2 Rxc2
35. Bxf8 Qxf8 36. g5 Nc5 37. Qf4 Nxe4 38. Bxe4 Rxd2 39. Qxe5 Bxb3 40. Qe7 Qb8
41. Bg2 Bd5 0-1

[Event "Lloyds Bank Masters 10th"]
[Site "London"]
[Date "1986.08.25"]
[Round "7"]
[White "Hjartarson, Johann"]
[Black "Strauss, David J"]
[Result "1-0"]
[WhiteElo "2425"]
[BlackElo "2385"]
[PlyCount "81"]
[EventDate "1986.08.20"]
[EventType "swiss"]
[EventRounds "9"]
[EventCountry "ENG"]
[SourceTitle "BritBase"]
[Source "John Saunders"]
[SourceDate "2020.09.07"]
[SourceVersion "1"]
[SourceVersionDate "2020.09.07"]
[SourceQuality "2"]

1. Nf3 Nf6 2. c4 g6 3. g3 Bg7 4. d4 O-O 5. Bg2 c6 6. O-O d6 7. Nc3 Nbd7 8. e4
e5 9. b3 a6 10. dxe5 dxe5 11. h3 b5 12. Qc2 Bb7 13. Be3 Qe7 14. Rfd1 Rac8 15.
Ne1 Nc5 16. Nd3 Nfd7 17. Nxc5 Nxc5 18. cxb5 axb5 19. a4 b4 20. Nb1 Ne6 21. Nd2
c5 22. Nc4 Nd4 23. Bxd4 cxd4 24. Qd2 f5 25. Re1 Bf6 26. a5 fxe4 27. Bxe4 Bg5
28. Qd3 Ba6 29. Bd5+ Kh8 30. Qe4 Bxc4 31. Bxc4 Rce8 32. a6 Qa7 33. Bd3 Bh6 34.
h4 Re7 35. Ra5 Ref7 36. Rxe5 Rxf2 37. Re7 Qb6 38. a7 Be3 39. Kh1 Ra2 40. Qe5+
Qf6 41. Rf1 1-0

[Event "Lloyds Bank Masters 10th"]
[Site "London"]
[Date "1986.08.26"]
[Round "7"]
[White "Hodgson, Julian M"]
[Black "Agdestein, Simen"]
[Result "1-0"]
[WhiteElo "2500"]
[BlackElo "2545"]
[PlyCount "47"]
[EventDate "1986.08.20"]
[EventType "swiss"]
[EventRounds "9"]
[EventCountry "ENG"]
[SourceTitle "BritBase"]
[Source "John Saunders"]
[SourceDate "2020.09.07"]
[SourceVersion "1"]
[SourceVersionDate "2020.09.07"]
[SourceQuality "2"]

1. g3 d5 2. Nf3 Nf6 3. Bg2 c6 4. d3 h6 5. b3 Bf5 6. Bb2 e6 7. Nbd2 Bc5 8. e4
dxe4 9. dxe4 Nxe4 10. Nxe4 Qxd1+ 11. Rxd1 Bxe4 12. Bxg7 Rh7 13. Bf6 Be7 14.
Bxe7 Kxe7 15. Rd2 Rh8 16. Ke2 Na6 17. Ke3 f5 18. Rhd1 Nb4 19. Rd7+ Kf6 20. c4
Nxa2 21. Ne5 Kxe5 22. Rf7 Bd5 23. c5 f4+ 24. gxf4# 1-0

[Event "Lloyds Bank Masters 10th"]
[Site "London"]
[Date "1986.08.26"]
[Round "7"]
[White "Kosashvili, Yona"]
[Black "Wegner, Hannu"]
[Result "1/2-1/2"]
[WhiteElo "2350"]
[BlackElo "2300"]
[PlyCount "38"]
[EventDate "1986.08.20"]
[EventType "swiss"]
[EventRounds "9"]
[EventCountry "ENG"]
[SourceTitle "BritBase"]
[Source "John Saunders"]
[SourceDate "2020.09.07"]
[SourceVersion "1"]
[SourceVersionDate "2020.09.07"]
[SourceQuality "2"]

1. e4 c5 2. Ne2 Nc6 3. d4 cxd4 4. Nxd4 e6 5. Nb5 d6 6. c4 Nf6 7. Bd3 Be7 8. O-O
O-O 9. N1c3 a6 10. Na3 Ne5 11. Be2 b6 12. f4 Ned7 13. Bf3 Bb7 14. Be3 Rc8 15.
Qe2 Qc7 16. g4 h6 17. Qg2 Nh7 18. Rac1 Rfe8 19. Rfd1 Nhf8 1/2-1/2

[Event "Lloyds Bank Masters 10th"]
[Site "London"]
[Date "1986.08.26"]
[Round "7"]
[White "Murey, Jacob"]
[Black "Thomas, Ian"]
[Result "0-1"]
[WhiteElo "2490"]
[BlackElo "2350"]
[PlyCount "78"]
[EventDate "1986.08.20"]
[EventType "swiss"]
[EventRounds "9"]
[EventCountry "ENG"]
[SourceTitle "BritBase"]
[Source "John Saunders"]
[SourceDate "2020.09.07"]
[SourceVersion "1"]
[SourceVersionDate "2020.09.07"]
[SourceQuality "2"]

1. e4 e5 2. f4 exf4 3. Nf3 d6 4. Bc4 g5 5. h4 Bg4 6. hxg5 Ne7 7. d4 Ng6 8. Nbd2
Nc6 9. c3 Qd7 10. b4 Nd8 11. Be2 a5 12. b5 Ne6 13. c4 Bg7 14. Bb2 Qe7 15. Qc2
Nxg5 16. O-O-O Ne6 17. a4 O-O 18. Nb3 Rfe8 19. Nh4 Bxe2 20. Nf5 Qg5 21. Qxe2
f3+ 22. Qd2 fxg2 23. Rhe1 Qxd2+ 24. Nxd2 Nef4 25. Re3 h5 26. Kc2 h4 27. Rg1 h3
28. Nf3 f6 29. Nh2 Kf7 30. Bc3 b6 31. Be1 Rh8 32. Bg3 Bh6 33. Ng4 Bg5 34. Bh2
Rae8 35. Nf2 Rh5 36. Kd1 Reh8 37. Rc3 Ne6 38. Ng4 Bf4 39. Ke1 Ng5 0-1

[Event "Lloyds Bank Masters 10th"]
[Site "London"]
[Date "1986.08.26"]
[Round "7"]
[White "Pein, Malcolm"]
[Black "Kudrin, Sergey"]
[Result "1/2-1/2"]
[WhiteElo "2340"]
[BlackElo "2495"]
[PlyCount "47"]
[EventDate "1986.08.20"]
[EventType "swiss"]
[EventRounds "9"]
[EventCountry "ENG"]
[SourceTitle "BritBase"]
[Source "John Saunders"]
[SourceDate "2020.09.07"]
[SourceVersion "1"]
[SourceVersionDate "2020.09.07"]
[SourceQuality "2"]

1. d4 Nf6 2. c4 e6 3. Nc3 Bb4 4. e3 O-O 5. Bd3 c5 6. Nge2 d5 7. cxd5 cxd4 8.
exd4 Qxd5 9. O-O Qd8 10. Bc2 b6 11. Qd3 Ba6 12. Qf3 Nbd7 13. Bg5 Bxc3 14. bxc3
Qc7 15. Rfe1 Rac8 16. Rac1 Bc4 17. a4 Rfe8 18. Qh3 e5 19. Bf5 Be6 20. Ng3 exd4
21. Bxe6 fxe6 22. cxd4 Qd6 23. Rxc8 Rxc8 24. Qxe6+ 1/2-1/2

[Event "Lloyds Bank Masters 10th"]
[Site "London"]
[Date "1986.08.26"]
[Round "7"]
[White "Sathe, Bhagyashree"]
[Black "Carr, Neil L"]
[Result "0-1"]
[WhiteElo "2075"]
[BlackElo "2305"]
[PlyCount "74"]
[EventDate "1986.08.20"]
[EventType "swiss"]
[EventRounds "9"]
[EventCountry "ENG"]
[SourceTitle "BritBase"]
[Source "John Saunders"]
[SourceDate "2020.09.07"]
[SourceVersion "1"]
[SourceVersionDate "2020.09.07"]
[SourceQuality "2"]

1. e4 g6 2. d4 Bg7 3. Nc3 d6 4. f4 Nf6 5. Nf3 c5 6. dxc5 Qa5 7. Bd3 Qxc5 8. Qe2
Bg4 9. Be3 Qa5 10. O-O Nc6 11. h3 Bxf3 12. Qxf3 O-O 13. Kh1 Nd7 14. Bd2 Nc5 15.
Qd1 Qd8 16. a3 Nxd3 17. cxd3 Nd4 18. Nd5 e6 19. Ne3 f5 20. Bc3 Qd7 21. Rc1 Rac8
22. Bb4 Rxc1 23. Qxc1 Rc8 24. Qd1 b5 25. b3 Qc6 26. Qb1 Ne2 27. Qe1 Nc1 28. Qd2
a5 29. Bxd6 Nxb3 30. Qa2 Qxd6 31. Qxb3 fxe4 32. dxe4 Rc3 33. e5 Rxb3 34. exd6
Rxe3 35. Rd1 Bf6 36. d7 Bd8 37. Rc1 Kf7 0-1

[Event "Lloyds Bank Masters 10th"]
[Site "London"]
[Date "1986.08.26"]
[Round "7"]
[White "Van der Sterren, Paul"]
[Black "Ernst, Thomas"]
[Result "1-0"]
[WhiteElo "2475"]
[BlackElo "2445"]
[PlyCount "71"]
[EventDate "1986.08.20"]
[EventType "swiss"]
[EventRounds "9"]
[EventCountry "ENG"]
[SourceTitle "BritBase"]
[Source "John Saunders"]
[SourceDate "2020.09.07"]
[SourceVersion "1"]
[SourceVersionDate "2020.09.07"]
[SourceQuality "2"]

1. d4 Nf6 2. c4 c5 3. d5 b5 4. cxb5 a6 5. bxa6 Bxa6 6. Nc3 g6 7. Nf3 d6 8. Nd2
Qa5 9. g3 Bg7 10. Bg2 O-O 11. O-O Nbd7 12. Qc2 Rfb8 13. Rd1 Ne5 14. Rb1 c4 15.
b3 cxb3 16. Nxb3 Qc7 17. Bf4 Bxe2 18. Qxe2 Qxc3 19. Rbc1 Qb4 20. Nd4 Qa3 21.
Nc6 Rb2 22. Rd2 Rxd2 23. Qxd2 Qxa2 24. Qxa2 Rxa2 25. Nxe5 dxe5 26. Rc8+ Bf8 27.
Bh6 Nd7 28. Bf1 Ra5 29. Rd8 Ra1 30. Kg2 Rb1 31. Bg5 Nf6 32. d6 Kg7 33. d7 Rd1
34. Bb5 Rd5 35. Bxf6+ exf6 36. Re8 1-0

[Event "Lloyds Bank Masters 10th"]
[Site "London"]
[Date "1986.08.27"]
[Round "8"]
[White "Agdestein, Simen"]
[Black "Akesson, Ralf"]
[Result "1-0"]
[WhiteElo "2545"]
[BlackElo "2435"]
[PlyCount "62"]
[EventDate "1986.08.20"]
[EventType "swiss"]
[EventRounds "9"]
[EventCountry "ENG"]
[SourceTitle "BritBase"]
[Source "John Saunders"]
[SourceDate "2020.09.07"]
[SourceVersion "1"]
[SourceVersionDate "2020.09.07"]
[SourceQuality "2"]

1. d4 Nf6 2. c4 e6 3. Nf3 b6 4. a3 c5 5. d5 Ba6 6. Qc2 exd5 7. cxd5 g6 8. Nc3
Bg7 9. g3 O-O 10. Bg2 d6 11. O-O Nbd7 12. Re1 Qe7 13. h3 Ne5 14. Nxe5 Qxe5 15.
e4 Qe7 16. Bg5 h6 17. Be3 Nd7 18. Rad1 Rac8 19. f4 b5 20. e5 b4 21. Ne4 dxe5
22. Qa4 Bc4 23. Qxa7 Ra8 24. d6 Qe6 25. Nxc5 Nxc5 26. Qxc5 Rfb8 27. d7 Bb5 28.
d8=Q+ Rxd8 29. Rxd8+ Rxd8 30. Qxb5 exf4 31. Qb6 Qf6 1-0

[Event "Lloyds Bank Masters 10th"]
[Site "London"]
[Date "1986.08.27"]
[Round "8"]
[White "Anand, Viswanathan"]
[Black "Chandler, Murray G"]
[Result "1/2-1/2"]
[WhiteElo "2420"]
[BlackElo "2565"]
[PlyCount "112"]
[EventDate "1986.08.20"]
[EventType "swiss"]
[EventRounds "9"]
[EventCountry "ENG"]
[SourceTitle "BritBase"]
[Source "John Saunders"]
[SourceDate "2020.09.07"]
[SourceVersion "1"]
[SourceVersionDate "2020.09.07"]
[SourceQuality "2"]

1. e4 c5 2. Nf3 d6 3. d4 cxd4 4. Nxd4 Nf6 5. Nc3 a6 6. Be3 e5 7. Nf3 Qc7 8. a4
Be7 9. Be2 Nbd7 10. a5 Nc5 11. Nd5 Qc6 12. Bxc5 Qxc5 13. Nxf6+ Bxf6 14. c4 O-O
15. O-O b6 16. Qd2 Bb7 17. b4 Qc7 18. Qe3 bxa5 19. Rxa5 Qc6 20. Rd1 Rfd8 21.
Nd2 h6 22. Bd3 Bg5 23. Qe2 f5 24. Re1 Rf8 25. Nf3 Bd8 26. Raa1 fxe4 27. Bxe4
Qxe4 28. Qxe4 Bxe4 29. Rxe4 Bb6 30. Kf1 a5 31. bxa5 Ra6 32. Re2 Rxa5 33. Rxa5
Bxa5 34. c5 dxc5 35. Nxe5 Rd8 36. g3 Bc3 37. Nc4 Kf7 38. Kg2 Rd4 39. Ne5+ Kf6
40. f4 Rd5 41. Ng4+ Kf7 42. Ne3 Rd2 43. Rxd2 Bxd2 44. Nc4 Be1 45. Kf3 Ke6 46.
Ke4 h5 47. Ne5 Bf2 48. Nc4 h4 49. gxh4 Bxh4 50. h3 Bf2 51. Ne5 Bd4 52. Nc4 Kf6
53. Nd6 Kg6 54. f5+ Kg5 55. Kd5 Kf4 56. Ne8 Kxf5 1/2-1/2

[Event "Lloyds Bank Masters 10th"]
[Site "London"]
[Date "1986.08.27"]
[Round "8"]
[White "Barua, Dibyendu"]
[Black "Hjartarson, Johann"]
[Result "1/2-1/2"]
[WhiteElo "2400"]
[BlackElo "2525"]
[PlyCount "64"]
[EventDate "1986.08.20"]
[EventType "swiss"]
[EventRounds "9"]
[EventCountry "ENG"]
[SourceTitle "BritBase"]
[Source "John Saunders"]
[SourceDate "2020.09.07"]
[SourceVersion "1"]
[SourceVersionDate "2020.09.07"]
[SourceQuality "2"]

1. e4 e5 2. Nf3 Nc6 3. Bc4 Bc5 4. d3 Nf6 5. c3 d6 6. O-O a6 7. Be3 O-O 8. Nbd2
Bxe3 9. fxe3 Na5 10. Bb3 Nxb3 11. axb3 c5 12. Qe1 Be6 13. c4 Qe7 14. h3 Nd7 15.
Nh4 Nb8 16. Qg3 g6 17. Nf5 Qd8 18. Nf3 f6 19. N3h4 Kh8 20. Nxg6+ hxg6 21. Qxg6
Rf7 22. Nxd6 Qxd6 23. Rxf6 Rxf6 24. Qxf6+ Kh7 25. Rf1 Nd7 26. Qh4+ Kg6 27. Qg3+
Kh5 28. Qg7 Bxh3 29. Qh7+ Qh6 30. Rf5+ Bxf5 31. Qxf5+ Qg5 32. Qh7+ Qh6 1/2-1/2

[Event "Lloyds Bank Masters 10th"]
[Site "London"]
[Date "1986.08.27"]
[Round "8"]
[White "Carr, Neil L"]
[Black "Hebden, Mark L"]
[Result "0-1"]
[WhiteElo "2305"]
[BlackElo "2440"]
[PlyCount "80"]
[EventDate "1986.08.20"]
[EventType "swiss"]
[EventRounds "9"]
[EventCountry "ENG"]
[SourceTitle "BritBase"]
[Source "John Saunders"]
[SourceDate "2020.09.07"]
[SourceVersion "1"]
[SourceVersionDate "2020.09.07"]
[SourceQuality "2"]

1. e4 e5 2. Nf3 Nc6 3. d4 exd4 4. Bc4 Nf6 5. e5 d5 6. Bb5 Ne4 7. Nxd4 Bc5 8.
O-O O-O 9. Bxc6 bxc6 10. Be3 Qe8 11. Nd2 f5 12. f4 Bb6 13. Nxe4 fxe4 14. b4 a5
15. a3 Ba6 16. Re1 Kh8 17. Qg4 Bc8 18. Qg3 c5 19. bxc5 Bxc5 20. c4 dxc4 21. Ne2
Be7 22. Nc3 Qc6 23. Bf2 Bf5 24. Qe3 Rad8 25. Nxe4 Rd3 26. Qe2 Rxa3 27. Rxa3
Bxa3 28. g4 Qg6 29. Bg3 Bxe4 30. Qxe4 Qxg4 31. Qxc4 h5 32. Qe2 Rxf4 33. e6 h4
34. e7 Bc5+ 35. Kh1 Qxe2 36. e8=Q+ Qxe8 37. Rxe8+ Rf8 38. Rxf8+ Bxf8 39. Bxc7
a4 40. Kg2 a3 0-1

[Event "Lloyds Bank Masters 10th"]
[Site "London"]
[Date "1986.08.27"]
[Round "8"]
[White "Conquest, Stuart"]
[Black "Kosashvili, Yona"]
[Result "1-0"]
[WhiteElo "2430"]
[BlackElo "2350"]
[PlyCount "51"]
[EventDate "1986.08.20"]
[EventType "swiss"]
[EventRounds "9"]
[EventCountry "ENG"]
[SourceTitle "BritBase"]
[Source "John Saunders"]
[SourceDate "2020.09.07"]
[SourceVersion "1"]
[SourceVersionDate "2020.09.07"]
[SourceQuality "2"]

1. d4 d5 2. c4 e6 3. Nc3 Nf6 4. cxd5 exd5 5. Bg5 Be7 6. e3 O-O 7. Qc2 Nbd7 8.
Nf3 c6 9. Bd3 Re8 10. O-O-O Nf8 11. Ne5 Ng4 12. Bxe7 Qxe7 13. Nxg4 Bxg4 14.
Rde1 Bh5 15. f4 Rac8 16. Rhg1 f6 17. g4 Bg6 18. f5 Bf7 19. h4 c5 20. Qd2 cxd4
21. exd4 Qb4 22. Bc2 Rc4 23. Rxe8 Bxe8 24. g5 Rxd4 25. Qe2 Kf7 26. g6+ 1-0

[Event "Lloyds Bank Masters 10th"]
[Site "London"]
[Date "1986.08.27"]
[Round "8"]
[White "De Firmian, Nick E"]
[Black "Van der Sterren, Paul"]
[Result "0-1"]
[WhiteElo "2490"]
[BlackElo "2475"]
[PlyCount "75"]
[EventDate "1986.08.20"]
[EventType "swiss"]
[EventRounds "9"]
[EventCountry "ENG"]
[SourceTitle "BritBase"]
[Source "John Saunders"]
[SourceDate "2020.09.07"]
[SourceVersion "1"]
[SourceVersionDate "2020.09.07"]
[SourceQuality "2"]

1. d4 Nf6 2. c4 e6 3. Nc3 d5 4. Nf3 c6 5. cxd5 exd5 6. Bf4 Bf5 7. e3 Qb6 8. Qc1
Nbd7 9. h3 Ne4 10. Be2 Be7 11. O-O O-O 12. a3 a5 13. Na4 Qd8 14. Ne5 Nxe5 15.
Bxe5 Re8 16. f3 Nd6 17. b3 Bf6 18. Qc3 Qe7 19. Nb6 Rad8 20. Bxf6 Qxf6 21. g4
Qh4 22. Rf2 Bg6 23. Bf1 Re6 24. Re1 Qg3+ 25. Bg2 Rde8 26. a4 h5 27. Nd7 hxg4
28. hxg4 f6 29. Rfe2 Nf7 30. Kf1 Ng5 31. Rf2 R6e7 32. Nc5 Kf7 33. f4 Rxe3 34.
Rxe3 Rxe3 35. Qxa5 Nh3 36. Qc7+ Kg8 37. Qc8+ Re8 38. Qxe8+ 0-1

[Event "Lloyds Bank Masters 10th"]
[Site "London"]
[Date "1986.08.27"]
[Round "8"]
[White "Depasquale, Chris"]
[Black "Ravikumar, Vaidyanathan"]
[Result "0-1"]
[WhiteElo "2305"]
[BlackElo "2345"]
[PlyCount "122"]
[EventDate "1986.08.20"]
[EventType "swiss"]
[EventRounds "9"]
[EventCountry "ENG"]
[SourceTitle "BritBase"]
[Source "John Saunders"]
[SourceDate "2020.09.07"]
[SourceVersion "1"]
[SourceVersionDate "2020.09.07"]
[SourceQuality "2"]

1. e4 c5 2. b4 cxb4 3. d4 d5 4. exd5 Nf6 5. Bb5+ Nbd7 6. c4 bxc3 7. Nxc3 a6 8.
Bxd7+ Qxd7 9. Qb3 e6 10. dxe6 Qxe6+ 11. Nge2 Qxb3 12. axb3 Be6 13. O-O Bb4 14.
Bg5 Nd5 15. Nxd5 Bxd5 16. Nf4 Be6 17. Nxe6 fxe6 18. Bf4 O-O 19. Be5 Rac8 20.
Rfc1 Bc3 21. Rab1 Bd2 22. Rc4 b5 23. Rc5 Bb4 24. Rxc8 Rxc8 25. g4 a5 26. Kg2
Rc2 27. Kf3 Kf7 28. h4 g6 29. Ke3 Ke8 30. f3 Kd7 31. h5 Kc6 32. Kd3 Rd2+ 33.
Ke4 Re2+ 34. Kd3 Re1 35. hxg6 hxg6 36. Rb2 Kd5 37. Bf4 Rd1+ 38. Ke2 Ra1 39. Kd3
Ra3 40. Be3 a4 41. Kc2 Rxb3 42. Rxb3 axb3+ 43. Kxb3 Be1 44. Bg1 b4 45. Be3 Bc3
46. Bf2 Bxd4 47. Be1 Bc5 48. Bh4 Bf8 49. Bf2 Be7 50. Be3 Bc5 51. Bg5 Kd4 52.
Kc2 Kc4 53. Bf6 Bd4 54. g5 Bc3 55. Bd8 b3+ 56. Kc1 Kd3 57. Bf6 e5 58. Kb1 Ke3
59. f4 Kxf4 60. Kc1 Ke3 61. Bd8 Kd3 0-1

[Event "Lloyds Bank Masters 10th"]
[Site "London"]
[Date "1986.08.27"]
[Round "8"]
[White "Emms, John"]
[Black "Cramling, Pia"]
[Result "0-1"]
[WhiteElo "2305"]
[BlackElo "2400"]
[PlyCount "138"]
[EventDate "1986.08.20"]
[EventType "swiss"]
[EventRounds "9"]
[EventCountry "ENG"]
[SourceTitle "BritBase"]
[Source "John Saunders"]
[SourceDate "2020.09.07"]
[SourceVersion "1"]
[SourceVersionDate "2020.09.07"]
[SourceQuality "2"]

1. e4 c5 2. Nf3 e6 3. c3 Nf6 4. e5 Nd5 5. d4 cxd4 6. cxd4 b6 7. Bd3 Bb7 8. O-O
Qc7 9. Na3 Bxa3 10. bxa3 Nc6 11. Bd2 f5 12. Rc1 Qb8 13. Bc4 Nce7 14. Bb4 Nxb4
15. axb4 O-O 16. Rc3 Qe8 17. Qd2 Nd5 18. Bxd5 Bxd5 19. Rfc1 Rd8 20. Ne1 d6 21.
Rc7 dxe5 22. Rxa7 Ra8 23. Rac7 Rxa2 24. Qg5 Qg6 25. Qxg6 hxg6 26. dxe5 Rfa8 27.
h4 b5 28. Nd3 Bc4 29. Nf4 Ra1 30. Rxa1 Rxa1+ 31. Kh2 Rb1 32. Nxg6 Kh7 33. h5
Kh6 34. Nf4 Re1 35. Rc5 Re4 36. Kg3 Bf1 37. Rc6 Bc4 38. Rc5 Kg5 39. Nh3+ Kxh5
40. f3 Re1 41. Rc6 g5 42. Rc8 f4+ 43. Kh2 Rxe5 44. Rh8+ Kg6 45. Rg8+ Kf6 46.
Rf8+ Kg7 47. Rc8 Bd3 48. Rd8 Bg6 49. Rb8 Rd5 50. Nf2 Bf5 51. Kg1 Kf6 52. Kf1
Ke5 53. Ke2 Kd4 54. Rc8 e5 55. Rc7 e4 56. fxe4 Bxe4 57. Nxe4 Kxe4 58. Rc8 Rd4
59. Rc5 Rd5 60. Rc8 g4 61. Re8+ Kf5 62. Rb8 Kg5 63. g3 fxg3 64. Rg8+ Kf4 65.
Rf8+ Rf5 66. Rb8 Ke4 67. Re8+ Kd4 68. Rd8+ Kc4 69. Rg8 Rf4 0-1

[Event "Lloyds Bank Masters 10th"]
[Site "London"]
[Date "1986.08.27"]
[Round "8"]
[White "Formanek, Edward W"]
[Black "McKay, Roderick M"]
[Result "0-1"]
[WhiteElo "2330"]
[BlackElo "2400"]
[PlyCount "78"]
[EventDate "1986.08.20"]
[EventType "swiss"]
[EventRounds "9"]
[EventCountry "ENG"]
[SourceTitle "BritBase"]
[Source "John Saunders"]
[SourceDate "2020.09.07"]
[SourceVersion "1"]
[SourceVersionDate "2020.09.07"]
[SourceQuality "2"]

1. d4 d5 2. c4 e6 3. Nc3 c6 4. e4 dxe4 5. Nxe4 Bb4+ 6. Nc3 Nf6 7. Nf3 O-O 8.
Bd3 c5 9. a3 Ba5 10. O-O Nc6 11. d5 Nd4 12. Bg5 h6 13. Bh4 Bxc3 14. bxc3 Nf5
15. Bxf5 exf5 16. Qc1 Qd6 17. Bg3 Qa6 18. Ne5 Ne4 19. Qc2 Re8 20. Rfe1 f6 21.
Nd3 Bd7 22. Rxe4 fxe4 23. Nxc5 Qxc4 24. Nxd7 Rad8 25. Nb8 Qxd5 26. c4 Qd4 27.
Re1 e3 28. fxe3 Rxe3 29. Rxe3 Qxe3+ 30. Bf2 Qxa3 31. Bg3 Qa1+ 32. Kf2 Qd4+ 33.
Kf3 f5 34. c5 Qd5+ 35. Kf2 Re8 36. Bd6 Qd4+ 37. Kf1 Qa1+ 38. Kf2 Qe1+ 39. Kf3
Qe3# 0-1